000 00605nam a2200193Ia 4500
008 220104s9999 xx 000 0 und d
100 _aRavindran V
245 0 _aNutrient characterization of some feedstuffs of Sri Lanka crude protein of cassava, sesame, coconut oil, rubber seed, sweetpotato leaf meal.
650 _aAnimal nutrition
650 _aIndustrial by products
650 _aNutrient characterization
650 _aOil seed cakes
650 _aRubber seed meal
650 _aSri Lanka
700 _aKornegay E T
700 _aRajaguru A S B
700 _aWebb K E Jr.
942 _cBE
999 _c47456
_d47456